Hospodářství a právo informační měsíčník

Enregistré dans:
Détails bibliographiques
Format: Publication en série
Langue:tchèque
Publié: Praha Státní nakladatelství technické literatury
Sujets:
Tags: Ajouter un tag
Pas de tags, Soyez le premier à ajouter un tag!

MARC

LEADER 00000nas1a22000001 4500
001 s120740
005 20041019155346.5
022 |a 0862-8718 
041 0 |a cze 
044 |a CZ 
245 1 0 |a Hospodářství a právo  |b informační měsíčník 
264 1 |a Praha  |b Státní nakladatelství technické literatury 
610 2 0 |a právo hospodárske